[Event "Aut_2.Bundesliga_Ost_2003/04"]
[Site "Bruck/Leitha (1+2), Wien (3+4), Eichgraben (5-7), Wien (8+9), Eichgraben (10+11)"]
[Date "2003.11.22"]
[Round "3"]
[Board "1"]
[White "Polak, Thomas"]
[Black "Mahdy, Khaled"]
[Result "1-0"]
[WhiteElo "2490"]
[BlackElo "2418"]
[PlyCount "81"]

1.d4 Nf6 2.c4 g6 3.Nc3 Bg7 4.e4 d6 5.Nf3 O-O 6.h3 c5 7.d5 e6 8.Bd3 exd5 9.cxd5
Na6 10.O-O Nc7 11.Re1 Rb8 12.a4 a6 13.Rb1 Nd7 14.Bf4 Ne8 15.Qd2 Qc7 16.Rec1 Ne5
17.Nxe5 dxe5 18.Be3 Nd6 19.Nd1 c4 20.b3 b5 21.axb5 axb5 22.Qb4 Bd7 23.Bc5 Nb7
24.Be7 Rfc8 25.bxc4 Nc5 26.Qxc5 Qxc5 27.Bxc5 Rxc5 28.cxb5 Bf8 29.Ne3 f6 30.Be2
h5 31.h4 Kf7 32.g4 hxg4 33.Bxg4 Rxc1+ 34.Rxc1 Bxg4 35.Nxg4 Bd6 36.Rc6 Ke7 37.b6
Rh8 38.Nxf6 Rxh4 39.Ng8+ Kd7 40.Nf6+ Ke7 41.Rxd6

[Event "Aut_2.Bundesliga_Ost_2003/04"]
[Site "Bruck/Leitha (1+2), Wien (3+4), Eichgraben (5-7), Wien (8+9), Eichgraben (10+11)"]
[Date "2003.11.22"]
[Round "3"]
[Board "2"]
[White "Kleiser, Gregor"]
[Black "Groetz, Harald"]
[Result "1-0"]
[WhiteElo "2235"]
[BlackElo "2359"]
[PlyCount "101"]

1.d4 Nf6 2.Nf3 g6 3.Bf4 Bg7 4.h3 O-O 5.e3 d6 6.Be2 Nbd7 7.O-O Qe8 8.c4 e5 9.Bh2
Ne4 10.Nbd2 Nxd2 11.Qxd2 e4 12.Ne1 Qe7 13.Nc2 f5 14.Qa5 Nf6 15.c5 Kh8 16.cxd6
cxd6 17.Qb4 Rd8 18.Na3 Bf8 19.Rac1 Be6 20.Nb5 Nd5 21.Qa4 b6 22.Qa3 a6 23.Nc3 Nf6
24.Rfd1 Qb7 25.d5 Bf7 26.Rd4 b5 27.Qb4 Qe7 28.a4 bxa4 29.Nxa4 a5 30.Qd2 Qb7
31.Nc3 Rac8 32.Nb5 Rxc1+ 33.Qxc1 Rc8 34.Qd2 Qb6 35.Ra4 Bxd5 36.Rxa5 Rc5 37.b4
Rc8 38.g4 fxg4 39.hxg4 Be6 40.g5 Ne8 41.Qd4+ Qxd4 42.Nxd4 Bh3 43.Bf4 Be7 44.Ra7
Bd8 45.Kh2 Bb6 46.Re7 Bf5 47.Ba6 Rd8 48.Nc6 Nc7 49.Nxd8 Nxa6 50.Nf7+ Kg8 51.Nh6+

[Event "Aut_2.Bundesliga_Ost_2003/04"]
[Site "Bruck/Leitha (1+2), Wien (3+4), Eichgraben (5-7), Wien (8+9), Eichgraben (10+11)"]
[Date "2003.11.22"]
[Round "3"]
[Board "3"]
[White "Hangweyrer, Manfred"]
[Black "Kreindl, Helmut"]
[Result "1-0"]
[WhiteElo "2303"]
[BlackElo "2219"]
[PlyCount "83"]

1.Nf3 d5 2.d3 Nf6 3.Nbd2 Bf5 4.c4 c6 5.cxd5 cxd5 6.e4 dxe4 7.dxe4 Bxe4 8.Nxe4
Qxd1+ 9.Kxd1 Nxe4 10.Bb5+ Nc6 11.Be3 a6 12.Bxc6+ bxc6 13.Rc1 Rc8 14.Ke2 e6
15.Rc4 Nf6 16.Ra4 Nd5 17.Rxa6 Nxe3 18.fxe3 Be7 19.Rc1 c5 20.Ra7 Bf6 21.b4 c4
22.Nd2 c3 23.Ne4 O-O 24.Nxf6+ gxf6 25.Ra3 Rc4 26.Rb3 c2 27.a3 e5 28.b5 e4 29.Rb4
Rxb4 30.axb4 Rb8 31.Rxc2 Rxb5 32.Rb2 Kf8 33.Kd2 Ke7 34.Kc3 Kd6 35.Rf2 Ke5 36.g4
Rb8 37.Rf5+ Ke6 38.b5 Rd8 39.Kc4 h5 40.Rxh5 Rd3 41.b6 Kd6 42.Rb5

[Event "Aut_2.Bundesliga_Ost_2003/04"]
[Site "Bruck/Leitha (1+2), Wien (3+4), Eichgraben (5-7), Wien (8+9), Eichgraben (10+11)"]
[Date "2003.11.22"]
[Round "3"]
[Board "4"]
[White "Schwaninger, Wolfgang"]
[Black "Batyte, Daiva"]
[Result "1-0"]
[WhiteElo "2226"]
[BlackElo "2170"]
[PlyCount "119"]

1.d4 e6 2.Nf3 Nf6 3.g3 c5 4.Bg2 Nc6 5.O-O d5 6.e3 Bd6 7.Nbd2 O-O 8.c3 b6 9.a3
Ba6 10.Re1 Bd3 11.b4 cxb4 12.cxb4 Rc8 13.Bb2 Ne4 14.Qb3 Nxd2 15.Nxd2 Bg6 16.Rac1
Be7 17.Qa4 Qd7 18.Bf1 Nb8 19.Qxd7 Nxd7 20.Ba6 Rxc1 21.Rxc1 Nb8 22.Bb7 Rd8 23.f3
Kf8 24.Kf2 Bd3 25.h4 h6 26.e4 dxe4 27.fxe4 Ba6 28.Bxa6 Nxa6 29.b5 Nc5 30.Ke3 Nb7
31.Rc7 Rb8 32.e5 Bd8 33.Rc3 Na5 34.Ne4 Ke7 35.a4 Kd7 36.Ba3 Nb7 37.Bf8 f5 38.Nd6
Nxd6 39.Bxd6 Rb7 40.h5 a6 41.Bf8 axb5 42.axb5 Ke8 43.Rc8 Ra7 44.d5 exd5 45.Kd4
Ra5 46.Bxg7 Kd7 47.Rc6 Rxb5 48.Rd6+ Kc7 49.Bxh6 Be7 50.Rxd5 Rb3 51.e6 Kc6
52.Rxf5 Rxg3 53.Bf4 Rg8 54.h6 Bd6 55.Bg5 Ba3 56.h7 Bb2+ 57.Ke4 Re8 58.e7 b5
59.Rf8 Kd7 60.Kf5

[Event "Aut_2.Bundesliga_Ost_2003/04"]
[Site "Bruck/Leitha (1+2), Wien (3+4), Eichgraben (5-7), Wien (8+9), Eichgraben (10+11)"]
[Date "2003.11.22"]
[Round "3"]
[Board "5"]
[White "Schirmbeck, Hannes"]
[Black "Ponjican, Erich"]
[Result "0-1"]
[WhiteElo "2117"]
[BlackElo "2115"]
[PlyCount "80"]

1.e4 Nf6 2.e5 Nd5 3.d4 d6 4.Nf3 Bg4 5.Be2 Nc6 6.c4 Nb6 7.exd6 exd6 8.O-O Be7
9.Nbd2 Bf5 10.Qb3 O-O 11.d5 Nb8 12.Nd4 Bg6 13.N2f3 N8d7 14.Be3 Nc5 15.Qd1 a5
16.Nb3 Ncd7 17.a4 Nc8 18.Qd2 b6 19.Nfd4 Nc5 20.Nxc5 dxc5 21.Nc6 Qd7 22.Ne5 Qf5
23.f4 Qc2 24.Nxg6 Qxg6 25.Bd3 f5 26.Rf3 Nd6 27.Kh1 Rae8 28.Rg1 h5 29.h3 Bf6
30.b3 Ne4 31.Bxe4 Rxe4 32.Re1 Rfe8 33.Bf2 Bd4 34.Rxe4 fxe4 35.f5 Qf7 36.Rg3 h4
37.Rg4 e3 38.Bxe3 Bxe3 39.Qd3 Qf6 40.Re4 Qa1+

[Event "Aut_2.Bundesliga_Ost_2003/04"]
[Site "Bruck/Leitha (1+2), Wien (3+4), Eichgraben (5-7), Wien (8+9), Eichgraben (10+11)"]
[Date "2003.11.22"]
[Round "3"]
[Board "1"]
[White "Videki, Sandor"]
[Black "Penz, Harald"]
[Result "1/2-1/2"]
[WhiteElo "2430"]
[BlackElo "2307"]
[PlyCount "107"]

1.d4 d5 2.c4 c5 3.cxd5 Qxd5 4.Nf3 cxd4 5.Nc3 Qa5 6.Qxd4 Nc6 7.Qd5 Qc7 8.Nb5 Qb6
9.Be3 Nf6 10.Qc4 Qa5+ 11.b4 Qd8 12.Rd1 Bd7 13.Ne5 e6 14.Nxc6 bxc6 15.Nd6+ Bxd6
16.Rxd6 a5 17.Bc5 axb4 18.Bxb4 Nd5 19.e4 Nxb4 20.Qxb4 Rxa2 21.Bc4 Ra1+ 22.Rd1
Qa5 23.Qxa5 Rxa5 24.Kd2 Ke7 25.Ra1 Rha8 26.Rxa5 Rxa5 27.Rb1 Ra7 28.e5 Ra5 29.f4
f6 30.Re1 Bc8 31.Kc3 fxe5 32.Kb4 Ra7 33.fxe5 Ba6 34.Bb3 Rb7+ 35.Kc3 c5 36.Ra1
Be2 37.Ra4 Bf1 38.g3 Rc7 39.Ra8 c4 40.Bc2 Bh3 41.Bxh7 Bf5 42.Bxf5 exf5 43.Ra6
Rc5 44.Ra7+ Ke6 45.Rxg7 Kxe5 46.Re7+ Kf6 47.Re8 Rc7 48.Re2 Kg5 49.Rf2 Kg4
50.Rf4+ Kh3 51.Rh4+ Kg2 52.Rh5 Rc8 53.Rxf5 Kxh2 54.Rf4

[Event "Aut_2.Bundesliga_Ost_2003/04"]
[Site "Bruck/Leitha (1+2), Wien (3+4), Eichgraben (5-7), Wien (8+9), Eichgraben (10+11)"]
[Date "2003.11.22"]
[Round "3"]
[Board "2"]
[White "Komora, Andrej"]
[Black "Neumeier, Klaus"]
[Result "1-0"]
[WhiteElo "2298"]
[BlackElo "2280"]
[PlyCount "143"]

1.e4 e5 2.Nc3 Nc6 3.Bc4 Nf6 4.d3 Na5 5.Bb3 Nxb3 6.axb3 d5 7.Bg5 Bb4 8.Bxf6 gxf6
9.exd5 Qxd5 10.Kf1 Bxc3 11.bxc3 Rg8 12.f3 c5 13.Ne2 b6 14.Ng3 Bb7 15.Qd2 Rg6
16.Ra4 Kf8 17.Kf2 a5 18.Re1 Kg8 19.Rh4 Kh8 20.Rh5 Rag8 21.Re4 Qe6 22.Reh4 R8g7
23.Kf1 Rg5 24.Rh6 R5g6 25.R4h5 Rg5 26.Rxg5 Rxg5 27.Qxg5 fxg5 28.Rxe6 fxe6 29.Nh5
b5 30.Ke2 g4 31.Nf6 gxf3+ 32.gxf3 Bc6 33.c4 a4 34.cxb5 Bxb5 35.bxa4 Bxa4 36.Kd2
Bc6 37.Ne4 Kg7 38.Ke3 Kg6 39.Nxc5 Kf5 40.Ne4 h5 41.h4 Ba4 42.c4 Bc6 43.c5 Bd5
44.Nc3 Bc6 45.Na2 Kf6 46.Nb4 Ba8 47.c6 Ke7 48.f4 Kd6 49.fxe5+ Kc5 50.c7 Bb7
51.Nc2 Kb6 52.Nd4 Bc8 53.Ne2 Kxc7 54.Ng3 Kd8 55.Nxh5 Ke7 56.Kf4 Ba6 57.d4 Kf7
58.Kg5 Bc4 59.Kh6 Bd3 60.Nf4 Bf5 61.Kg5 Be4 62.h5 Bc2 63.h6 Bh7 64.Nh5 Bc2
65.Nf6 Bb1 66.h7 Kg7 67.Ne8+ Kxh7 68.Kf6 Ba2 69.Nc7 Kg8 70.Nxe6 Bb3 71.Ke7 Ba2
72.Nf4

[Event "Aut_2.Bundesliga_Ost_2003/04"]
[Site "Bruck/Leitha (1+2), Wien (3+4), Eichgraben (5-7), Wien (8+9), Eichgraben (10+11)"]
[Date "2003.11.22"]
[Round "3"]
[Board "3"]
[White "Hechl, Gerald"]
[Black "Janetschek, Karl"]
[Result "1-0"]
[WhiteElo "2228"]
[BlackElo "2254"]
[PlyCount "169"]

1.d4 e6 2.c4 Nf6 3.Nf3 b6 4.e3 Bb7 5.Bd3 Be7 6.O-O O-O 7.Nc3 c5 8.d5 exd5 9.cxd5
d6 10.e4 a6 11.a4 Nbd7 12.h3 Ne8 13.Bf4 Bf6 14.Qe2 Qe7 15.Nd1 Ne5 16.Bxe5 dxe5
17.Ne3 Nd6 18.Rfc1 g6 19.Qc2 Rac8 20.Nc4 Nxc4 21.Bxc4 Rc7 22.Rd1 Qd6 23.Qe2 Ra8
24.Bd3 Bc8 25.Nd2 Rca7 26.Nc4 Qd8 27.Qe3 Bg5 28.Qf3 f6 29.Ra3 b5 30.axb5 axb5
31.Rxa7 Rxa7 32.Na3 b4 33.Nc4 Kg7 34.Qe2 Bd7 35.Qf1 Qb8 36.g3 h5 37.h4 Bh6
38.Ra1 Rxa1 39.Qxa1 Bb5 40.Qa5 Bxc4 41.Bxc4 Qd6 42.Qa7+ Kg8 43.Qa8+ Bf8 44.Kf1
Kg7 45.Qc8 Be7 46.Ke2 Qd8 47.Qb7 Kh6 48.Qc6 Bd6 49.Kd3 f5 50.exf5 gxf5 51.Bb3 f4
52.gxf4 e4+ 53.Kc4 Kg6 54.Bc2 Kf5 55.f3 Kxf4 56.Bxe4 Ke5 57.Qb7 Qf6 58.Qh7 Kf4
59.Qxh5 Qd4+ 60.Kb5 Be7 61.Qg4+ Ke3 62.Qg1+ Kf4 63.Qxd4 cxd4 64.Kc4 Bxh4 65.Kxd4
Bf6+ 66.Kc4 Bxb2 67.d6 Bf6 68.Kxb4 Ke5 69.Kc5 Ke6 70.Kc6 Be5 71.Bd5+ Kf6 72.Bc4
Bf4 73.Bf1 Bg3 74.Bh3 Bf4 75.d7 Ke7 76.Kd5 Bd2 77.Ke4 Bc1 78.f4 Bd2 79.Ke5 Bc1
80.Be6 Bb2+ 81.Kd5 Bc3 82.f5 Bb2 83.Kc6 Kd8 84.Bf7 Bc3 85.Kd6

[Event "Aut_2.Bundesliga_Ost_2003/04"]
[Site "Bruck/Leitha (1+2), Wien (3+4), Eichgraben (5-7), Wien (8+9), Eichgraben (10+11)"]
[Date "2003.11.22"]
[Round "3"]
[Board "4"]
[White "Hangweyrer, Roman"]
[Black "Wanderer, Thomas"]
[Result "1-0"]
[WhiteElo "2214"]
[BlackElo "2215"]
[PlyCount "97"]

1.Nf3 Nf6 2.c4 c5 3.Nc3 d5 4.cxd5 Nxd5 5.g3 Nc6 6.Bg2 Nc7 7.d3 e5 8.O-O Be7 9.a4
Be6 10.Nd2 O-O 11.Nc4 Nd5 12.Nxd5 Bxd5 13.Bxd5 Qxd5 14.Bd2 Rad8 15.Bc3 b6 16.Qb3
f5 17.a5 Rb8 18.axb6 axb6 19.e4 Qf7 20.Qb5 Qe6 21.Ra6 Bd8 22.Nxb6 Bxb6 23.Rxb6
Nd4 24.Rxe6 Rxb5 25.Re7 fxe4 26.dxe4 Rf7 27.Re8+ Rf8 28.Rxf8+ Kxf8 29.Kg2 Ke7
30.Ra1 Nc6 31.Ra8 Rb7 32.f4 g6 33.fxe5 Nd4 34.Rc8 Ne6 35.Kf3 Ng5+ 36.Ke3 Ne6
37.g4 Kd7 38.Rh8 Kc6 39.h4 Rf7 40.Rc8+ Kb5 41.Re8 Nf4 42.e6 Ng2+ 43.Ke2 Nf4+
44.Kd2 Rb7 45.Be5 Ng2 46.Rb8 Rxb8 47.Bxb8 Kc6 48.Bg3 h6 49.g5

[Event "Aut_2.Bundesliga_Ost_2003/04"]
[Site "Bruck/Leitha (1+2), Wien (3+4), Eichgraben (5-7), Wien (8+9), Eichgraben (10+11)"]
[Date "2003.11.22"]
[Round "3"]
[Board "5"]
[White "Pichler, Michael"]
[Black "Ploner, Ferdinand"]
[Result "1-0"]
[WhiteElo "2172"]
[BlackElo "2264"]
[PlyCount "67"]

1.e4 c6 2.d4 d5 3.e5 Bf5 4.Nc3 e6 5.g4 Bg6 6.Nge2 Bb4 7.Bg2 c5 8.a3 Bxc3+ 9.bxc3
Nc6 10.Be3 Nge7 11.O-O h5 12.f3 cxd4 13.cxd4 Na5 14.c3 Nc4 15.Bg5 Qd7 16.h3 Rc8
17.Qe1 Bd3 18.Rd1 Bxe2 19.Qxe2 Nxa3 20.f4 hxg4 21.hxg4 Rxc3 22.f5 a6 23.Qf2 Nb5
24.f6 gxf6 25.Qxf6 Ng6 26.Qg7 Rf8 27.Rf6 Rg3 28.Rdf1 Nxd4 29.Rxg6 Nf5 30.Rxf5
exf5 31.Rd6 Qc7 32.Rd8+ Qxd8 33.Bxd8 Rxg4 34.Qf6

[Event "Aut_2.Bundesliga_Ost_2003/04"]
[Site "Bruck/Leitha (1+2), Wien (3+4), Eichgraben (5-7), Wien (8+9), Eichgraben (10+11)"]
[Date "2003.11.22"]
[Round "3"]
[Board "6"]
[White "Prager, Manfred"]
[Black "Wandl, Werner"]
[Result "1/2-1/2"]
[WhiteElo "2099"]
[BlackElo "2125"]
[PlyCount "45"]

1.e4 e6 2.d4 d5 3.exd5 exd5 4.Bd3 Nf6 5.Bg5 c5 6.c3 c4 7.Bc2 Be7 8.Nf3 Qb6 9.Qc1
h6 10.Be3 Ng4 11.O-O Nxe3 12.fxe3 f5 13.Ne5 O-O 14.Nd2 Bd6 15.Ndf3 Nd7 16.Nxd7
Bxd7 17.b3 Qc7 18.bxc4 dxc4 19.e4 fxe4 20.Bxe4 Rae8 21.Qc2 Bg4 22.h3 Bxf3
23.Rxf3

[Event "Aut_2.Bundesliga_Ost_2003/04"]
[Site "Bruck/Leitha (1+2), Wien (3+4), Eichgraben (5-7), Wien (8+9), Eichgraben (10+11)"]
[Date "2003.11.22"]
[Round "3"]
[Board "1"]
[White "Varga, Zoltan"]
[Black "Plachetka, Jan"]
[Result "1-0"]
[WhiteElo "2564"]
[BlackElo "2457"]
[PlyCount "69"]

1.e4 c5 2.Nf3 Nc6 3.d4 cxd4 4.Nxd4 Nf6 5.Nc3 d6 6.Bg5 e6 7.Qd2 h6 8.Bxf6 gxf6
9.O-O-O a6 10.Kb1 Qb6 11.Na4 Qxd4 12.Qxd4 Nxd4 13.Rxd4 e5 14.Rd2 Be6 15.Nb6 Rd8
16.Bc4 Rg8 17.g3 f5 18.exf5 Bxf5 19.Bd5 Rb8 20.Re1 Rg7 21.f4 f6 22.a4 Rc7 23.Bf3
Kf7 24.g4 Bh7 25.Bd5+ Kg7 26.f5 Be7 27.Re4 h5 28.Be6 Rc6 29.Nd5 Bd8 30.gxh5 b5
31.h6+ Kh8 32.Nb4 Rcb6 33.a5 R6b7 34.Rxd6 Bxa5 35.Nc6

[Event "Aut_2.Bundesliga_Ost_2003/04"]
[Site "Bruck/Leitha (1+2), Wien (3+4), Eichgraben (5-7), Wien (8+9), Eichgraben (10+11)"]
[Date "2003.11.22"]
[Round "3"]
[Board "2"]
[White "Staudner, Oliver"]
[Black "Vavrak, Peter"]
[Result "1-0"]
[WhiteElo "2359"]
[BlackElo "2338"]
[PlyCount "65"]

1.e4 e6 2.d4 d5 3.Nc3 Nf6 4.Bg5 Bb4 5.e5 h6 6.Bd2 Bxc3 7.bxc3 Ne4 8.Qg4 g6 9.Bc1
c5 10.Bd3 cxd4 11.Ne2 Nc6 12.Bxe4 dxe4 13.cxd4 Nxd4 14.Qxe4 Nxe2 15.Qxe2 Qa5+
16.Bd2 Qd5 17.O-O b6 18.c4 Qc6 19.Bb4 Bb7 20.f3 O-O-O 21.Rfc1 Ba6 22.Qe3 Kb7
23.Bd6 Rd7 24.c5 Ka8 25.Rab1 b5 26.Rb4 g5 27.Rcb1 Rb7 28.Qd3 h5 29.h3 Rd7 30.a4
Qxc5+ 31.Kh2 Qxe5+ 32.Bxe5 Rxd3 33.Bxh8

[Event "Aut_2.Bundesliga_Ost_2003/04"]
[Site "Bruck/Leitha (1+2), Wien (3+4), Eichgraben (5-7), Wien (8+9), Eichgraben (10+11)"]
[Date "2003.11.22"]
[Round "3"]
[Board "3"]
[White "Stranz, Richard"]
[Black "Schumi, Manfred"]
[Result "1/2-1/2"]
[WhiteElo "2323"]
[BlackElo "2220"]
[PlyCount "63"]

1.e4 c5 2.b3 d6 3.Nf3 Nc6 4.Bb2 e5 5.Bc4 Be7 6.c3 Nf6 7.Qe2 O-O 8.d4 cxd4 9.cxd4
exd4 10.Nxd4 d5 11.exd5 Bb4+ 12.Kd1 Nxd5 13.Nxc6 bxc6 14.Qe5 Nf6+ 15.Kc2 Re8
16.Rd1 Qxd1+ 17.Kxd1 Rxe5 18.Bxe5 Ng4 19.Bg3 Bf5 20.a3 Bc5 21.h3 Nxf2+ 22.Bxf2
Bxf2 23.Nd2 Re8 24.Nf3 Be4 25.Ra2 Bc5 26.b4 Bb6 27.Re2 Bxf3 28.gxf3 Rd8+ 29.Kc2
Kf8 30.Rd2 Rxd2+ 31.Kxd2 Ke7 32.Kd3

[Event "Aut_2.Bundesliga_Ost_2003/04"]
[Site "Bruck/Leitha (1+2), Wien (3+4), Eichgraben (5-7), Wien (8+9), Eichgraben (10+11)"]
[Date "2003.11.22"]
[Round "3"]
[Board "5"]
[White "Ranits, Franz"]
[Black "Steiner, Johann"]
[Result "1-0"]
[WhiteElo "2250"]
[BlackElo "2071"]
[PlyCount "77"]

1.e4 d5 2.exd5 Qxd5 3.Nc3 Qa5 4.d4 Nf6 5.Nf3 Bf5 6.Be2 e6 7.O-O c6 8.Bf4 Nbd7
9.a3 Be7 10.Nd2 Qd8 11.Nc4 Nb6 12.Ne5 O-O 13.Re1 Nbd5 14.Nxd5 Nxd5 15.Bg3 Bh4
16.Bf3 Bxg3 17.hxg3 Qc7 18.Qe2 Rad8 19.Rad1 Nf6 20.Rd2 Rfe8 21.Red1 Nd7 22.c4
Nxe5 23.Qxe5 Qb6 24.d5 cxd5 25.cxd5 Qa5 26.Qf4 b5 27.d6 Qb6 28.Rc1 Bg6 29.d7 Rf8
30.Rd6 Qb8 31.Qd4 e5 32.Qd5 Bf5 33.Rd1 Be6 34.Qc6 h6 35.b4 g6 36.Be2 Kg7 37.Bxb5
Kf6 38.Bc4 Qb6 39.Qf3+

[Event "Aut_2.Bundesliga_Ost_2003/04"]
[Site "Bruck/Leitha (1+2), Wien (3+4), Eichgraben (5-7), Wien (8+9), Eichgraben (10+11)"]
[Date "2003.11.22"]
[Round "3"]
[Board "6"]
[White "Horvath, Maria"]
[Black "Galavics, Hermann"]
[Result "1-0"]
[WhiteElo "2072"]
[BlackElo "2086"]
[PlyCount "113"]

1.d4 d5 2.c4 c6 3.Nf3 Nf6 4.Nc3 e6 5.cxd5 exd5 6.Qc2 Bd6 7.Bg5 h6 8.Bh4 Nbd7
9.e3 Qa5 10.Bd3 O-O 11.O-O Re8 12.a3 a6 13.Rfc1 g5 14.b4 Qd8 15.Bg3 Bxg3 16.hxg3
Qe7 17.Nd2 Nf8 18.Rab1 Bd7 19.Na4 Bg4 20.Qc5 N8d7 21.Qxe7 Rxe7 22.Nc5 Rb8 23.a4
Kg7 24.b5 axb5 25.axb5 Nxc5 26.Rxc5 Rc8 27.bxc6 bxc6 28.Ba6 Rcc7 29.Rbc1 Nd7
30.Rxc6 Rxc6 31.Rxc6 Nb8 32.Rb6 Nxa6 33.Rxa6 Rd7 34.Ra5 Be6 35.f3 f5 36.Ra6 Bf7
37.Rb6 Re7 38.Kf2 Ra7 39.Rb2 Rc7 40.Ke2 Re7 41.Nb3 f4 42.gxf4 gxf4 43.Nc5 Rxe3+
44.Kd2 Bg6 45.Rb7+ Kf6 46.Nd7+ Kg5 47.Ne5 Ra3 48.Rg7 Ra6 49.Kc3 Rb6 50.Rxg6+
Rxg6 51.Nxg6 Kxg6 52.Kb4 Kh5 53.Kc5 Kh4 54.Kxd5 Kg3 55.Ke4 h5 56.d5 h4 57.d6

[Event "Aut_2.Bundesliga_Ost_2003/04"]
[Site "Bruck/Leitha (1+2), Wien (3+4), Eichgraben (5-7), Wien (8+9), Eichgraben (10+11)"]
[Date "2003.11.23"]
[Round "4"]
[Board "1"]
[White "Likavsky, Tomas"]
[Black "Plachetka, Jan"]
[Result "1/2-1/2"]
[WhiteElo "2472"]
[BlackElo "2457"]
[PlyCount "144"]

1.d4 Nf6 2.Nf3 g6 3.c4 c5 4.Nc3 cxd4 5.Nxd4 Bg7 6.e4 d6 7.Be2 Nc6 8.Be3 Bd7
9.O-O O-O 10.Nc2 a6 11.f3 Rc8 12.a4 Na5 13.Na3 Be6 14.Nd5 Nd7 15.Rb1 Nc6 16.b4
a5 17.bxa5 Nxa5 18.Qd2 Nc5 19.Nxe7+ Qxe7 20.Qxa5 Ra8 21.Qd2 Rxa4 22.Nb5 Rfa8
23.Qxd6 Qxd6 24.Nxd6 Ra2 25.Bxc5 Rxe2 26.Rf2 Rxf2 27.Bxf2 Be5 28.Nxb7 Bxc4
29.Nc5 h5 30.Nd7 Ra1 31.Rxa1 Bxa1 32.Nb6 Be6 33.Nd5 f6 34.h4 Kf7 35.Bc5 f5
36.Kf2 fxe4 37.fxe4 Bf6 38.g3 g5 39.hxg5 Bxg5 40.Be3 Bd8 41.Kf3 Bg4+ 42.Kf4 Ke6
43.Bd4 Be7 44.Ne3 Be2 45.Nf5 Bg4 46.Bc3 Bd1 47.Nd4+ Kf7 48.e5 Bg4 49.Nc6 Ke6
50.Bb4 Bxb4 51.Nxb4 Bd1 52.Nc6 Ba4 53.Nd4+ Kd5 54.Nf5 Bd7 55.Ng7 Bg4 56.e6 Kd6
57.Kg5 Ke7 58.Kg6 Bh3 59.Kxh5 Kf6 60.Kh6 Bg4 61.Kh7 Bd1 62.Kg8 Bg4 63.Kh7 Bd1
64.Kh6 Bg4 65.Nh5+ Kxe6 66.Kg5 Bd1 67.Nf4+ Kf7 68.Nd3 Kg7 69.Ne5 Be2 70.Nc6 Bb5
71.Nd4 Ba4 72.Kf4 Bd1

[Event "Aut_2.Bundesliga_Ost_2003/04"]
[Site "Bruck/Leitha (1+2), Wien (3+4), Eichgraben (5-7), Wien (8+9), Eichgraben (10+11)"]
[Date "2003.11.23"]
[Round "4"]
[Board "2"]
[White "Staudner, Oliver"]
[Black "Manik, Mikulas"]
[Result "1-0"]
[WhiteElo "2359"]
[BlackElo "2493"]
[PlyCount "45"]

1.e4 c5 2.Nf3 e6 3.Nc3 Nc6 4.Bb5 Nge7 5.O-O a6 6.Bxc6 Nxc6 7.Re1 d6 8.d4 cxd4
9.Nxd4 Be7 10.Nxc6 bxc6 11.Qg4 Bf6 12.e5 dxe5 13.Rd1 Qe7 14.Ne4 Rb8 15.Nxf6+
gxf6 16.Qg7 Rf8 17.Bh6 Bb7 18.Rd2 c5 19.c4 Bc6 20.Rad1 Rc8 21.f3 f5 22.Qxh7 Qf6
23.Bg7

[Event "Aut_2.Bundesliga_Ost_2003/04"]
[Site "Bruck/Leitha (1+2), Wien (3+4), Eichgraben (5-7), Wien (8+9), Eichgraben (10+11)"]
[Date "2003.11.23"]
[Round "4"]
[Board "3"]
[White "Dudas, Jan"]
[Black "Beckhuis, Gernod"]
[Result "1/2-1/2"]
[WhiteElo "2320"]
[BlackElo "2320"]
[PlyCount "54"]

1.e4 e6 2.Nc3 c5 3.Nf3 Nc6 4.d4 cxd4 5.Nxd4 d6 6.Be3 a6 7.Be2 Qc7 8.O-O Nxd4
9.Bxd4 b5 10.f4 Ne7 11.Bd3 Nc6 12.Be3 Be7 13.Qg4 Bf6 14.e5 dxe5 15.Ne4 Bb7
16.Nxf6+ gxf6 17.f5 O-O-O 18.fxe6 Rhg8 19.Qh3 fxe6 20.Qxe6+ Kb8 21.Qxf6 Nb4
22.Rf2 Nxd3 23.cxd3 Rxd3 24.Bb6 Qd6 25.Qxd6+ Rxd6 26.Bc5 Rdg6 27.g3 h5

[Event "Aut_2.Bundesliga_Ost_2003/04"]
[Site "Bruck/Leitha (1+2), Wien (3+4), Eichgraben (5-7), Wien (8+9), Eichgraben (10+11)"]
[Date "2003.11.23"]
[Round "4"]
[Board "4"]
[White "Vokroj, Rene"]
[Black "Plank, Franz"]
[Result "1/2-1/2"]
[WhiteElo "2257"]
[BlackElo "2236"]
[PlyCount "108"]

1.Nf3 d5 2.g3 g6 3.Bg2 Bg7 4.d3 e5 5.Nbd2 Ne7 6.e4 Nbc6 7.O-O O-O 8.c3 dxe4
9.dxe4 h6 10.Qe2 Qd7 11.Nc4 Rd8 12.Be3 Qd3 13.Qxd3 Rxd3 14.Bc5 f6 15.Rad1 Rxd1
16.Rxd1 Be6 17.Ne3 Kf7 18.Bf1 b6 19.Ba3 Rd8 20.Rxd8 Nxd8 21.b3 h5 22.Nh4 Ndc6
23.Be2 Bh6 24.Nhg2 Bf8 25.Bb2 Bh6 26.h4 Bf8 27.Bf3 Nc8 28.Nd5 Bd6 29.Nge3 N6e7
30.c4 c6 31.Nxe7 Nxe7 32.g4 hxg4 33.Bxg4 Bc5 34.Bc1 Bxg4 35.Nxg4 Nc8 36.Kg2 Nd6
37.f3 Ke6 38.Kh3 Kf7 39.Be3 Bd4 40.Bxd4 exd4 41.Nf2 c5 42.Kg4 Ke6 43.Nd3 Kf7
44.Kf4 a5 45.a4 Ne8 46.e5 f5 47.h5 Ng7 48.hxg6+ Kxg6 49.Kg3 Ne6 50.f4 Kh5 51.Kh3
Kh6 52.Kg3 Kg7 53.Kh4 Kg6 54.Kg3 Kf7

[Event "Aut_2.Bundesliga_Ost_2003/04"]
[Site "Bruck/Leitha (1+2), Wien (3+4), Eichgraben (5-7), Wien (8+9), Eichgraben (10+11)"]
[Date "2003.11.23"]
[Round "4"]
[Board "5"]
[White "Allacher, Erwin"]
[Black "Rogetzer, Klaus"]
[Result "1-0"]
[WhiteElo "2174"]
[BlackElo "2119"]
[PlyCount "103"]

1.d4 f5 2.c4 Nf6 3.Nf3 g6 4.g3 Bg7 5.Bg2 O-O 6.O-O d6 7.Nc3 Qe8 8.d5 a5 9.Nd4
Na6 10.b3 Nc5 11.e3 Bd7 12.Bb2 c6 13.a3 e5 14.dxe6 Nxe6 15.Nxe6 Qxe6 16.Na4 Rad8
17.Nb6 Be8 18.Qe1 Bh6 19.Qxa5 Bf7 20.Qc3 Bg7 21.Rac1 Nh5 22.Qd2 Be5 23.Rfd1 Nf6
24.Bd4 Ne4 25.Qc2 g5 26.Bxe5 dxe5 27.Rxd8 Rxd8 28.Rd1 Qe7 29.b4 Bh5 30.f3 Rxd1+
31.Qxd1 Nf6 32.Nc8 Qe6 33.Qd8+ Kg7 34.Qe7+ Bf7 35.Qxe6 Bxe6 36.Nd6 b6 37.f4 gxf4
38.gxf4 Ng4 39.e4 fxe4 40.Bxe4 exf4 41.Bxc6 Kf6 42.c5 bxc5 43.Ne4+ Ke5 44.Nxc5
Bc4 45.h3 Ne3 46.Be4 Bb5 47.Bxh7 Nd1 48.Nd3+ Kd4 49.Nxf4 Kc3 50.Bd3 Bd7 51.h4
Kb3 52.h5

[Event "Aut_2.Bundesliga_Ost_2003/04"]
[Site "Bruck/Leitha (1+2), Wien (3+4), Eichgraben (5-7), Wien (8+9), Eichgraben (10+11)"]
[Date "2003.11.23"]
[Round "4"]
[Board "6"]
[White "Steiner, Johann"]
[Black "Leber, Franz"]
[Result "1/2-1/2"]
[WhiteElo "2071"]
[BlackElo "2155"]
[PlyCount "36"]

1.e4 e6 2.d4 d5 3.exd5 exd5 4.Bd3 Nc6 5.c3 Bd6 6.Be3 Qf6 7.Qh5 Nge7 8.Ne2 Bf5
9.Bxf5 Qxf5 10.Qxf5 Nxf5 11.Bf4 O-O-O 12.Bxd6 Rxd6 13.O-O Re8 14.Nf4 Re4 15.Nd3
Re2 16.Na3 g5 17.Rfe1 Rde6 18.Kf1 Rxe1+

[Event "Aut_2.Bundesliga_Ost_2003/04"]
[Site "Bruck/Leitha (1+2), Wien (3+4), Eichgraben (5-7), Wien (8+9), Eichgraben (10+11)"]
[Date "2003.11.23"]
[Round "4"]
[Board "1"]
[White "Penz, Harald"]
[Black "Varga, Zoltan"]
[Result "0-1"]
[WhiteElo "2307"]
[BlackElo "2564"]
[PlyCount "118"]

1.e4 d6 2.d4 Nf6 3.Nc3 Nbd7 4.Be3 e5 5.f3 c6 6.Qd2 b5 7.d5 cxd5 8.Nxd5 Nxd5
9.Qxd5 Rb8 10.Ne2 a6 11.Nc3 Nb6 12.Qd2 Be6 13.O-O-O Be7 14.Kb1 Nc4 15.Bxc4 bxc4
16.Nd5 Rb5 17.Qc3 Qb8 18.Bc1 Bxd5 19.Rxd5 Rxd5 20.exd5 Qb5 21.Rd1 O-O 22.Be3 Rc8
23.Qe1 Rb8 24.Bc1 Bg5 25.b3 Bxc1 26.Kxc1 a5 27.Qc3 Rc8 28.bxc4 Rxc4 29.Qb3 Rb4
30.Qd3 Rb1+ 31.Kd2 Qxd3+ 32.cxd3 Rb2+ 33.Ke3 Rxg2 34.Rb1 f5 35.Rb6 f4+ 36.Ke4 g6
37.d4 Re2+ 38.Kd3 Re3+ 39.Kd2 Rxf3 40.dxe5 dxe5 41.Re6 Ra3 42.d6 Ra4 43.Rxe5
Rd4+ 44.Ke2 a4 45.Ra5 Kf7 46.Ra7+ Ke6 47.Rxh7 Rxd6 48.Ra7 Rd4 49.Kf3 g5 50.Ra5
Rd5 51.Rxa4 Kf5 52.h3 Rd3+ 53.Kg2 Rd2+ 54.Kg1 Rd1+ 55.Kg2 Rd2+ 56.Kg1 f3 57.a3
Rg2+ 58.Kf1 Rh2 59.Ra8 Kf4

[Event "Aut_2.Bundesliga_Ost_2003/04"]
[Site "Bruck/Leitha (1+2), Wien (3+4), Eichgraben (5-7), Wien (8+9), Eichgraben (10+11)"]
[Date "2003.11.23"]
[Round "4"]
[Board "2"]
[White "Vavrak, Peter"]
[Black "Komora, Andrej"]
[Result "1-0"]
[WhiteElo "2338"]
[BlackElo "2298"]
[PlyCount "51"]

1.d4 d5 2.Nf3 c5 3.e3 cxd4 4.exd4 Nc6 5.h3 g6 6.c4 Nf6 7.Nc3 Bg7 8.Bg5 dxc4
9.Bxc4 h6 10.Be3 e6 11.O-O O-O 12.Rc1 Ne7 13.Ne5 Nfd5 14.Qf3 Nxe3 15.fxe3 Bxe5
16.dxe5 Nc6 17.Ne4 Qa5 18.Nf6+ Kg7 19.Ne8+ Kh7 20.Qxf7+ Rxf7 21.Rxf7+ Kg8
22.Rcf1 Qc5 23.Rg7+ Kh8 24.Rff7 Qxe3+ 25.Kh1 Qe1+ 26.Bf1

[Event "Aut_2.Bundesliga_Ost_2003/04"]
[Site "Bruck/Leitha (1+2), Wien (3+4), Eichgraben (5-7), Wien (8+9), Eichgraben (10+11)"]
[Date "2003.11.23"]
[Round "4"]
[Board "3"]
[White "Janetschek, Karl"]
[Black "Stranz, Richard"]
[Result "1/2-1/2"]
[WhiteElo "2254"]
[BlackElo "2323"]
[PlyCount "52"]

1.e4 c5 2.Nf3 Nc6 3.d4 cxd4 4.Nxd4 Nf6 5.Nc3 e5 6.Ndb5 d6 7.Bg5 a6 8.Na3 b5
9.Bxf6 gxf6 10.Nd5 f5 11.g3 Bg7 12.Bg2 fxe4 13.Bxe4 Ra7 14.Qh5 Ne7 15.c3 Nxd5
16.Bxd5 O-O 17.O-O Kh8 18.Nc2 a5 19.Rad1 f5 20.Kh1 Re7 21.Ne3 Rf6 22.g4 Rh6
23.Qg5 Rg6 24.Qh5 Rh6 25.Qg5 Rg6 26.Qh5 Rh6